[Event "2. Bundesliga West 2013/14"]
[Site "Salzburg"]
[Date "2014.01.17"]
[Round "6"]
[Board "4"]
[White "Scheiblmaier, Robert"]
[Black "Rusche, Johannes"]
[Result "0-1"]
[WhiteElo "2184"]
[BlackElo "2229"]
[PlyCount "122"]
[EventDate "2013.10.18"]
[EventType "team"]
[EventRounds "11"]
[EventCountry "AUT"]
[WhiteTeam "ASK Salzburg 1"]
[BlackTeam "Kufstein / Woergl"]

1.d4 Nf6 2.c4 e6 3.g3 d5 4.Bg2 dxc4 5.Nf3 a6 6.O-O Nc6 7.e3 Rb8 8.Qe2 b5 9.Rd1 Bb7
10.a4 Nb4 11.axb5 axb5 12.Nc3 Be7 13.Ne5 Bxg2 14.Kxg2 O-O 15.Qf3 Qc8 16.Ra7 Bd6 17.Nc6
Nxc6 18.Qxc6 Rb6 19.Qf3 Qb8 20.Ra1 e5 21.Ne4 Nxe4 22.Qxe4 exd4 23.Rxd4 Re8 24.Qf3
Qb7 25.Qxb7 Rxb7 26.e4 Kf8 27.f4 f6 28.Kf3 Ke7 29.Be3 Rbb8 30.Rd5 Red8 31.e5 Bb4 32.exf6+
Kxf6 33.Bd4+ Kf7 34.Rf5+ Kg8 35.Ke4 g6 36.Re5 Bd6 37.Rd5 c6 38.Rg5 Be7 39.Ra7 Bxg5
40.fxg5 Re8+ 41.Be5 Rbd8 42.Rg7+ Kf8 43.Rxh7 Rd5 44.Rh8+ Kf7 45.Rh7+ Ke6 46.Bf6 Kd6+
47.Kf4 Rf5+ 48.Kg4 Re4+ 49.Kh3 Re6 50.Rf7 b4 51.Rb7 c5 52.g4 Rf3+ 53.Kg2 Rfxf6 54.gxf6
Rxf6 55.g5 Re6 56.Kf3 Kd5 57.Rd7+ Rd6 58.Re7 c3 59.bxc3 bxc3 60.Re1 Kc4 61.h4 c2 0-1

[Event "2. Bundesliga West 2013/14"]
[Site "Salzburg"]
[Date "2014.01.17"]
[Round "6"]
[Board "5"]
[White "Neuschmied, Siegfried"]
[Black "Besner, Bernhard"]
[Result "*"]
[WhiteElo "2221"]
[BlackElo "2201"]
[PlyCount "88"]
[EventDate "2013.10.18"]
[EventType "team"]
[EventRounds "11"]
[EventCountry "AUT"]
[WhiteTeam "Kufstein / Woergl"]
[BlackTeam "ASK Salzburg 1"]

1.e4 d5 2.exd5 Qxd5 3.Nc3 Qa5 4.d4 Nf6 5.Nf3 Bg4 6.h3 Bh5 7.g4 Bg6 8.Ne5 e6 9.Bg2
c6 10.O-O Nbd7 11.Nxg6 hxg6 12.Qf3 Bb4 13.Ne2 Bd6 14.c4 Rd8 15.a3 O-O 16.Qc3 Qc7 17.c5
Be7 18.Bf4 Qc8 19.b4 Rfe8 20.a4 Nd5 21.Bxd5 exd5 22.Qd2 Nf6 23.f3 Rd7 24.Nc1 Bd8 25.Nd3
Rde7 26.Rae1 Bc7 27.Be5 Nd7 28.Bf4 Qb8 29.Kf2 f6 30.Bxc7 Qxc7 31.Qf4 Qxf4 32.Nxf4
g5 33.Rxe7 Rxe7 34.Ne2 Kf7 35.b5 Nf8 36.bxc6 bxc6 37.Rb1 Ne6 38.Rb8 Re8 39.Rxe8 Kxe8
40.Ke3 Ke7 41.f4 gxf4+ 42.Nxf4 Nxf4 43.Kxf4 g5+ 44.Kg3 Kf7

[Event "2. Bundesliga West 2013/14"]
[Site "Salzburg"]
[Date "2014.01.17"]
[Round "6"]
[Board "6"]
[White "Loeffler, Christoph"]
[Black "Anibas, Juergen"]
[Result "*"]
[WhiteElo "2167"]
[BlackElo "1989"]
[PlyCount "60"]
[EventDate "2013.10.18"]
[EventType "team"]
[EventRounds "11"]
[EventCountry "AUT"]
[WhiteTeam "ASK Salzburg 1"]
[BlackTeam "Kufstein / Woergl"]

1.e4 e6 2.d4 d5 3.e5 c5 4.Qg4 Nc6 5.Nf3 f5 6.Qg3 cxd4 7.Bd3 Qb6 8.a3 Nge7 9.O-O Bd7
10.b4 h6 11.h4 O-O-O 12.Bb2 a6 13.Nbd2 g5 14.hxg5 hxg5 15.Nxg5 Bh6 16.f4 Rdg8 17.Ndf3
Ng6 18.Rab1 Nxf4 19.Qxf4 Rxg5 20.Nxg5 Rg8 21.Rf3 Bxg5 22.Qh2 Be3+ 23.Kh1 Qc7 24.Rh3
f4 25.Rh8 Qd8 26.Rh5 Rg5 27.Rh8 Rg8 28.Rh5 Rg5 29.Rh8 Rg8 30.Rh5 Rg5

[Event "2. Bundesliga West 2013/14"]
[Site "Salzburg"]
[Date "2014.01.17"]
[Round "6"]
[Board "1"]
[White "Votava, Jan"]
[Black "Brumen, Dinko"]
[Result "*"]
[WhiteElo "2524"]
[BlackElo "2358"]
[PlyCount "121"]
[EventDate "2013.10.18"]
[EventType "team"]
[EventRounds "11"]
[EventCountry "AUT"]
[WhiteTeam "Zillertal"]
[BlackTeam "Schwarzach"]

1.d4 Nf6 2.Nf3 d5 3.g3 e6 4.Bg2 Be7 5.O-O O-O 6.c4 dxc4 7.Qc2 a6 8.a4 Bd7 9.Qxc4 Bc6
10.Bg5 Bd5 11.Qd3 Be4 12.Qe3 Nbd7 13.Nc3 Bc6 14.Rfd1 h6 15.Bxf6 Nxf6 16.Qd3 Bb4 17.Ne1
Bxg2 18.Nxg2 Bxc3 19.bxc3 c5 20.Rab1 cxd4 21.cxd4 b6 22.Ne3 Qc7 23.Nc4 Nd7 24.Rdc1
Rfc8 25.Qa3 Qd8 26.Nd6 Rxc1+ 27.Rxc1 Nf6 28.Qf3 Rb8 29.Qc6 Ne8 30.Nc8 b5 31.a5 b4
32.e3 Rb5 33.Qxa6 Rxa5 34.Qb7 Nd6 35.Qb8 Ne8 36.Qxb4 Ra8 37.Qb7 Qa5 38.Kg2 Nf6 39.Nd6
Qd5+ 40.Qxd5 Nxd5 41.Rc8+ Rxc8 42.Nxc8 f5 43.Nd6 g5 44.Kf1 Kg7 45.Ke2 Kf6 46.Kd3 h5
47.Nc4 h4 48.gxh4 g4 49.Ne5 Kg7 50.Kc4 Nf6 51.Nd3 Ne4 52.Nc5 Nxf2 53.Nxe6+ Kf6 54.Nf4
Ne4 55.Kd3 Nf2+ 56.Ke2 Ne4 57.Nh5+ Kg6 58.Ng3 Nc3+ 59.Kd3 Nd5 60.Nxf5 Nb4+ 61.Ke4

[Event "2. Bundesliga West 2013/14"]
[Site "Salzburg"]
[Date "2014.01.17"]
[Round "6"]
[Board "2"]
[White "Roeberg, Frank"]
[Black "Lanka, Zigurds"]
[Result "0-1"]
[WhiteElo "2226"]
[BlackElo "2432"]
[PlyCount "64"]
[EventDate "2013.10.18"]
[EventType "team"]
[EventRounds "11"]
[EventCountry "AUT"]
[WhiteTeam "Schwarzach"]
[BlackTeam "Zillertal"]

1.e4 c5 2.Nf3 Nc6 3.Nc3 e5 4.Bc4 d6 5.d3 h6 6.Nd2 g6 7.Nf1 Bg7 8.Ne3 a6 9.a4 Nf6 10.Ned5
Nxd5 11.Nxd5 Rb8 12.c3 O-O 13.O-O Kh7 14.Be3 f5 15.f3 f4 16.Bf2 h5 17.b4 b6 18.a5
b5 19.Bb3 cxb4 20.cxb4 Bb7 21.Rc1 Rc8 22.Qe1 Nd4 23.Bxd4 exd4 24.Rxc8 Qxc8 25.Qd2
Bxd5 26.Bxd5 Qc3 27.Rd1 g5 28.e5 Bxe5 29.Bb7 Kg7 30.Qxc3 dxc3 31.Bxa6 Bd4+ 32.Kf1
Be3 0-1

[Event "2. Bundesliga West 2013/14"]
[Site "Salzburg"]
[Date "2014.01.17"]
[Round "6"]
[Board "3"]
[White "Maiwald, Jens-Uwe"]
[Black "Mikulic, Oliver"]
[Result "*"]
[WhiteElo "2465"]
[BlackElo "2132"]
[PlyCount "84"]
[EventDate "2013.10.18"]
[EventType "team"]
[EventRounds "11"]
[EventCountry "AUT"]
[WhiteTeam "Zillertal"]
[BlackTeam "Schwarzach"]

1.e4 e6 2.d3 d5 3.Qe2 Nf6 4.Nf3 b6 5.e5 Nfd7 6.g3 Bb7 7.Bg2 Be7 8.h4 d4 9.O-O Nc6
10.Nbd2 Nc5 11.Ne4 Nxe4 12.Qxe4 Qd7 13.Qg4 O-O-O 14.Qxg7 h5 15.Bg5 Rdg8 16.Qxf7 Rf8
17.Qg6 Rf5 18.Rae1 Kb8 19.Bf6 Rf8 20.Ng5 Nxe5 21.Rxe5 R8xf6 22.Qg8+ Bc8 23.Re2 e5
24.Qh7 Rf8 25.Qxh5 Bxg5 26.hxg5 Qg7 27.Qh6 Qxh6 28.gxh6 Rh5 29.Rfe1 Rxh6 30.Rxe5 Rhh8
31.Re7 Rd8 32.f4 Rdg8 33.Kf2 Bg4 34.Rh1 Rxh1 35.Bxh1 a5 36.Bc6 b5 37.Re5 Rh8 38.Rxb5+
Ka7 39.Bg2 Rh2 40.Kg1 Rh7 41.Rxa5+ Kb6 42.Re5 c5

[Event "2. Bundesliga West 2013/14"]
[Site "Salzburg"]
[Date "2014.01.17"]
[Round "6"]
[Board "4"]
[White "Ljubic, Juro"]
[Black "Hausner, Ivan"]
[Result "*"]
[WhiteElo "2227"]
[BlackElo "2378"]
[PlyCount "97"]
[EventDate "2013.10.18"]
[EventType "team"]
[EventRounds "11"]
[EventCountry "AUT"]
[WhiteTeam "Schwarzach"]
[BlackTeam "Zillertal"]

1.e4 e6 2.d3 c5 3.f4 d5 4.Be2 Nc6 5.Nf3 Nge7 6.O-O g6 7.Be3 b6 8.Nbd2 Bg7 9.c3 O-O
10.Bf2 Qc7 11.Bg3 f5 12.e5 Bd7 13.Rc1 Rfc8 14.h4 Nd8 15.h5 Nf7 16.Bh4 Be8 17.Ng5 Nxg5
18.Bxg5 Nc6 19.hxg6 hxg6 20.Rf3 Bd7 21.Rh3 Kf7 22.Rh7 Rh8 23.Rxg7+ Kxg7 24.Bf6+ Kg8
25.Bxh8 Kxh8 26.Qe1 Kg7 27.Qh4 Qd8 28.Qxd8 Rxd8 29.Nf3 Rh8 30.Kf2 Nd8 31.Ng5 Nf7 32.Nxf7
Kxf7 33.Bf3 g5 34.g3 g4 35.Bg2 Ke7 36.Rh1 Rxh1 37.Bxh1 d4 38.c4 b5 39.b3 Kd8 40.Ke2
Kc7 41.Kd2 Kb6 42.Bg2 Ka5 43.Kc2 bxc4 44.bxc4 Ba4+ 45.Kb2 Kb6 46.Kc1 Ka6 47.Ba8 Ka5
48.Bb7 Bd7 49.Kb2

[Event "2. Bundesliga West 2013/14"]
[Site "Salzburg"]
[Date "2014.01.17"]
[Round "6"]
[Board "5"]
[White "Platzgummer, Fabian"]
[Black "Stoeckl, Norbert"]
[Result "*"]
[WhiteElo "2314"]
[BlackElo "2086"]
[PlyCount "51"]
[EventDate "2013.10.18"]
[EventType "team"]
[EventRounds "11"]
[EventCountry "AUT"]
[WhiteTeam "Zillertal"]
[BlackTeam "Schwarzach"]

1.Nf3 Nf6 2.c4 g6 3.g3 Bg7 4.Bg2 O-O 5.O-O c6 6.d4 d5 7.Qb3 dxc4 8.Qxc4 Ne4 9.Nc3
Nd6 10.Qd3 Qb6 11.Rd1 Rd8 12.Bg5 Nf5 13.e3 h6 14.Bf4 Nd7 15.g4 Nd6 16.h3 Qxb2 17.Nd5
cxd5 18.Rdb1 Nc5 19.dxc5 Nc4 20.Rxb2 Bxb2 21.Rd1 e5 22.Qxc4 dxc4 23.Rxd8+ Kg7 24.Bxe5+
Bxe5 25.Nxe5 c3 26.Rd3

[Event "2. Bundesliga West 2013/14"]
[Site "Salzburg"]
[Date "2014.01.17"]
[Round "6"]
[Board "6"]
[White "Hajdarevic, Dino"]
[Black "Tabernig, Bernhard"]
[Result "0-1"]
[WhiteElo "2098"]
[BlackElo "2350"]
[PlyCount "56"]
[EventDate "2013.10.18"]
[EventType "team"]
[EventRounds "11"]
[EventCountry "AUT"]
[WhiteTeam "Schwarzach"]
[BlackTeam "Zillertal"]

1.d4 d5 2.Nf3 c6 3.c4 Nf6 4.e3 Bf5 5.Nc3 e6 6.Be2 h6 7.Qb3 Qb6 8.c5 Qc7 9.Qa4 Nbd7
10.b4 Be7 11.b5 O-O 12.bxc6 bxc6 13.O-O e5 14.Nd2 exd4 15.exd4 Rfe8 16.Nb3 Nf8 17.Qa6
Ng6 18.g3 Ne4 19.Nxe4 Bxe4 20.Na5 Bf6 21.Rd1 Bf5 22.Nb3 Re7 23.Bd2 Rae8 24.Ba5 Qd7
25.Bf1 Bc2 26.Rd2 Be4 27.Bg2 Bxg2 28.Kxg2 Nh4+ 0-1

[Event "2. Bundesliga West 2013/14"]
[Site "Salzburg"]
[Date "2014.01.17"]
[Round "6"]
[Board "1"]
[White "Bayer, Bernhard"]
[Black "Serafimov, Tervel"]
[Result "*"]
[WhiteElo "2444"]
[BlackElo "2425"]
[PlyCount "104"]
[EventDate "2013.10.18"]
[EventType "team"]
[EventRounds "11"]
[EventCountry "AUT"]
[WhiteTeam "Schwaz"]
[BlackTeam "Bregenz"]

1.e4 c6 2.d4 d5 3.Nc3 dxe4 4.Nxe4 Bf5 5.Ng3 Bg6 6.h4 h6 7.Nf3 Nd7 8.h5 Bh7 9.Bd3 Bxd3
10.Qxd3 e6 11.Bd2 Qc7 12.O-O-O O-O-O 13.Qe2 Ngf6 14.Ne5 Nb6 15.Ba5 Bd6 16.Kb1 Kb8
17.c4 c5 18.Nd3 Rc8 19.Ne4 Nxe4 20.Qxe4 Ka8 21.Rc1 Nxc4 22.Rxc4 Qxa5 23.dxc5 Bc7 24.c6
Qd5 25.cxb7+ Qxb7 26.Qxb7+ Kxb7 27.Rg4 Rhg8 28.Rc1 Bb6 29.Rxc8 Kxc8 30.Kc2 Kd7 31.Kd2
Ke7 32.b4 Rd8 33.Kc3 Rd5 34.a4 Kf8 35.Rc4 Rxh5 36.Rc8+ Ke7 37.a5 Bxa5 38.bxa5 Rxa5
39.g3 Kf6 40.Rc7 g5 41.Kd4 Ra4+ 42.Ke3 Ra3 43.Ke2 Ra2+ 44.Kf1 h5 45.f4 gxf4 46.gxf4
h4 47.Ne5 Kf5 48.Rxf7+ Ke4 49.Nc6 h3 50.Kg1 Kf3 51.Rxa7 Rxa7 52.Nxa7 Kxf4

[Event "2. Bundesliga West 2013/14"]
[Site "Salzburg"]
[Date "2014.01.17"]
[Round "6"]
[Board "2"]
[White "Graf, Felix"]
[Black "Panteleev, Petar"]
[Result "*"]
[WhiteElo "2482"]
[BlackElo "2306"]
[PlyCount "87"]
[EventDate "2013.10.18"]
[EventType "team"]
[EventRounds "11"]
[EventCountry "AUT"]
[WhiteTeam "Bregenz"]
[BlackTeam "Schwaz"]

1.d4 d5 2.c4 c6 3.Nc3 Nf6 4.Nf3 dxc4 5.a4 Bf5 6.e3 e6 7.Bxc4 Be7 8.O-O Bg4 9.h3 Bh5
10.g4 Bg6 11.Ne5 Nbd7 12.Nxg6 hxg6 13.Kg2 e5 14.Qb3 O-O 15.Qxb7 exd4 16.exd4 Qb6 17.Qxb6
Nxb6 18.Ba6 Rfd8 19.Bb7 Rab8 20.Bxc6 Rxd4 21.Be3 Rc4 22.Bf3 a5 23.Rfb1 Rb4 24.b3 Nc8
25.Nb5 Ne4 26.Bf4 Rb7 27.Re1 f5 28.Bd2 Rxb3 29.Bxa5 Bb4 30.Bxb4 Rxb4 31.Bxe4 fxe4
32.Reb1 Rxb1 33.Rxb1 Nd6 34.Nc3 Rc7 35.Nd5 Rc5 36.Nb6 Kf7 37.Ra1 Nb7 38.Re1 Nd6 39.Rd1
Ke6 40.a5 Rb5 41.Re1 Rb2 42.a6 Nb5 43.Nc4 Rb4 44.a7

[Event "2. Bundesliga West 2013/14"]
[Site "Salzburg"]
[Date "2014.01.17"]
[Round "6"]
[Board "3"]
[White "Fuchs, Georg"]
[Black "Weindl, Alfred"]
[Result "*"]
[WhiteElo "2230"]
[BlackElo "2344"]
[PlyCount "111"]
[EventDate "2013.10.18"]
[EventType "team"]
[EventRounds "11"]
[EventCountry "AUT"]
[WhiteTeam "Schwaz"]
[BlackTeam "Bregenz"]

1.e4 c5 2.Nf3 Nc6 3.Nc3 d6 4.d4 cxd4 5.Nxd4 Nf6 6.Be2 e6 7.Be3 Be7 8.Qd2 O-O 9.O-O-O
a6 10.g4 Nxd4 11.Qxd4 e5 12.Qb4 d5 13.Bc5 Bxc5 14.Qxc5 b6 15.Qc6 Bd7 16.Qd6 Bxg4 17.Qxe5
Bxe2 18.Nxe2 Re8 19.Qf5 Qc8 20.Ng3 dxe4 21.Rd6 Qxf5 22.Nxf5 Re6 23.Rxe6 fxe6 24.Ng3
Rd8 25.Re1 Rd4 26.c3 Rc4 27.Kc2 Ng4 28.Nxe4 Nxh2 29.b3 Rc6 30.Ng5 Ng4 31.f3 Nh2 32.f4
Ng4 33.Nxe6 Nf6 34.Nd4 Rc8 35.c4 h5 36.Nf5 Kf8 37.Re6 b5 38.Kd3 bxc4+ 39.bxc4 a5 40.Kd4
a4 41.c5 Rd8+ 42.Kc4 Rd2 43.a3 Rc2+ 44.Kb5 Nd5 45.Re5 Nxf4 46.Nd4 Rb2+ 47.Kxa4 g6
48.c6 Rb8 49.Ka5 h4 50.c7 Rc8 51.Kb6 h3 52.Kb7 Rxc7+ 53.Kxc7 g5 54.Nf3 g4 55.Rf5+
Ke7 56.Rxf4

[Event "2. Bundesliga West 2013/14"]
[Site "Salzburg"]
[Date "2014.01.17"]
[Round "6"]
[Board "4"]
[White "Dobosz, Henryk"]
[Black "Blaas, Hansjoerg"]
[Result "*"]
[WhiteElo "2371"]
[BlackElo "2261"]
[PlyCount "103"]
[EventDate "2013.10.18"]
[EventType "team"]
[EventRounds "11"]
[EventCountry "AUT"]
[WhiteTeam "Bregenz"]
[BlackTeam "Schwaz"]

1.d4 d5 2.c4 c6 3.Nc3 Nf6 4.e3 e6 5.Nf3 Bd6 6.Qc2 Nbd7 7.Be2 O-O 8.O-O h6 9.Rd1 Qe7
10.h3 dxc4 11.Bxc4 b5 12.Bd3 Bb7 13.e4 e5 14.Be3 Rfd8 15.a3 a6 16.dxe5 Nxe5 17.Nxe5
Bxe5 18.Ne2 Bd6 19.Nd4 g6 20.Nf3 c5 21.e5 Bxe5 22.Nxe5 Qxe5 23.Qxc5 Qxc5 24.Bxc5 Rd5
25.Be3 Rad8 26.Be2 Rxd1+ 27.Rxd1 Rxd1+ 28.Bxd1 h5 29.Bd4 Ne4 30.f3 Nd6 31.Kf2 f5 32.h4
Kf7 33.Ke3 Bd5 34.Bc3 Ke6 35.Kd4 f4 36.Bc2 Nf5+ 37.Bxf5+ gxf5 38.Bd2 Bc4 39.Bxf4 Bf1
40.g3 a5 41.b3 a4 42.bxa4 bxa4 43.Bg5 Be2 44.Ke3 Bd1 45.Kf4 Be2 46.Ke3 Bd1 47.Kf4
Be2 48.Bd8 Bd1 49.Ke3 Kd7 50.Ba5 Ke6 51.Bc3 Kf7 52.Kf4

[Event "2. Bundesliga West 2013/14"]
[Site "Salzburg"]
[Date "2014.01.17"]
[Round "6"]
[Board "5"]
[White "Gruber, Michael"]
[Black "Poettinger, Harald"]
[Result "*"]
[WhiteElo "2205"]
[BlackElo "2224"]
[PlyCount "131"]
[EventDate "2013.10.18"]
[EventType "team"]
[EventRounds "11"]
[EventCountry "AUT"]
[WhiteTeam "Schwaz"]
[BlackTeam "Bregenz"]

1.e4 d6 2.d4 Nf6 3.Nc3 e5 4.Nf3 Nbd7 5.Bc4 Be7 6.O-O O-O 7.a4 c6 8.h3 Nxe4 9.Nxe4
d5 10.Nxe5 Nxe5 11.dxe5 dxe4 12.Qxd8 Rxd8 13.Be3 Be6 14.Bxe6 fxe6 15.Rfd1 Kf7 16.Kf1
Ke8 17.Ke2 a6 18.Rd4 Rxd4 19.Bxd4 Bg5 20.Bb6 Bd8 21.Bc5 Bc7 22.Bd4 c5 23.Bc3 Kd7 24.Ke3
Rf8 25.Rf1 g5 26.g3 h5 27.Kxe4 h4 28.Rd1+ Kc6 29.Rd2 Rh8 30.Rd3 hxg3 31.Rxg3 Rh4+
32.Rg4 Rxh3 33.Rxg5 Rh4+ 34.f4 Rh2 35.Rg6 Kd7 36.Rg7+ Kd8 37.Kd3 b5 38.axb5 axb5 39.b3
Rh3+ 40.Kd2 Rh2+ 41.Kc1 Rh1+ 42.Kb2 Rd1 43.Rg2 Kd7 44.Rd2+ Rxd2 45.Bxd2 Kc6 46.c4
b4 47.Kc2 Kd7 48.Be3 Bb6 49.Kd3 Ke8 50.Ke4 Kf7 51.f5 Ba7 52.Bh6 Bb6 53.fxe6+ Kxe6
54.Bf8 Ba7 55.Bd6 Bb6 56.Kf4 Ba7 57.Kg5 Bb6 58.Kg6 Bd8 59.Bxc5 Kxe5 60.Bxb4 Kd4 61.Kf5
Kd3 62.Be1 Kc2 63.b4 Kd3 64.c5 Kd4 65.Ke6 Ba5 66.Kd7

[Event "2. Bundesliga West 2013/14"]
[Site "Salzburg"]
[Date "2014.01.17"]
[Round "6"]
[Board "6"]
[White "Mira, Helene"]
[Black "Kondrak, Christof"]
[Result "*"]
[WhiteElo "2066"]
[BlackElo "2165"]
[PlyCount "133"]
[EventDate "2013.10.18"]
[EventType "team"]
[EventRounds "11"]
[EventCountry "AUT"]
[WhiteTeam "Bregenz"]
[BlackTeam "Schwaz"]

1.Nf3 d5 2.d4 Nf6 3.c4 e6 4.Nc3 c6 5.e3 Be7 6.Qc2 O-O 7.Bd3 Re8 8.O-O Nbd7 9.e4 dxe4
10.Nxe4 Nxe4 11.Bxe4 Nf8 12.Bd2 Qc7 13.Bc3 b6 14.Ne5 Bb7 15.g3 Bd6 16.Rfe1 c5 17.dxc5
Bxc5 18.Rad1 Bxe4 19.Qxe4 Rac8 20.b3 Bd6 21.Rd3 f6 22.Nf3 Ng6 23.Red1 Rcd8 24.Nd4
Be5 25.Nb5 Rxd3 26.Qxd3 Qe7 27.Qd7 a6 28.Qxe7 Rxe7 29.Rd8+ Kf7 30.Nd6+ Bxd6 31.Rxd6
b5 32.Rxa6 bxc4 33.bxc4 Rc7 34.Ra4 Ne5 35.Bxe5 fxe5 36.Kf1 e4 37.Ke2 Kf6 38.Ke3 Kf5
39.Rb4 Ra7 40.a4 Rd7 41.g4+ Kxg4 42.Kxe4 Kh3 43.a5 Ra7 44.Rb5 Kxh2 45.Kd4 Kg2 46.Kc5
Ra6 47.Kb4 Kxf2 48.Rb7 e5 49.Rf7+ Ke3 50.Rxg7 e4 51.Rxh7 Kd4 52.Rd7+ Ke5 53.Kb5 Ra8
54.a6 e3 55.Kb6 Rb8+ 56.Kc5 Rc8+ 57.Kb4 Rc6 58.Kb5 Re6 59.a7 e2 60.a8=Q e1=Q 61.Qd5+
Kf6 62.Qf3+ Kg6 63.Qf7+ Kg5 64.Rd5+ Kg4 65.Qf5+ Kg3 66.Rd3+ Kg2 67.Qh3+

[Event "2. Bundesliga West 2013/14"]
[Site "Salzburg"]
[Date "2014.01.17"]
[Round "6"]
[Board "1"]
[White "Burschowsky, Matthias"]
[Black "Froewis, Georg"]
[Result "0-1"]
[WhiteElo "2186"]
[BlackElo "2422"]
[PlyCount "50"]
[EventDate "2013.10.18"]
[EventType "team"]
[EventRounds "11"]
[EventCountry "AUT"]
[WhiteTeam "Pradl"]
[BlackTeam "Hohenems II"]

1.Nf3 d5 2.c4 e6 3.b3 Nf6 4.Bb2 c5 5.e3 Nc6 6.cxd5 exd5 7.Bb5 Bd6 8.O-O O-O 9.Bxc6
bxc6 10.d3 Bf5 11.Nc3 Re8 12.Rc1 d4 13.exd4 cxd4 14.Na4 Nd5 15.Nxd4 Bd7 16.Nc5 Bxc5
17.Rxc5 Qf6 18.Rc2 Qg6 19.Qf3 Nb4 20.Rc3 c5 21.Rxc5 Nxd3 22.Rg5 Qxg5 23.Qxd3 Rad8
24.Nf3 Qb5 25.Qc3 Qxf1+ 0-1

[Event "2. Bundesliga West 2013/14"]
[Site "Salzburg"]
[Date "2014.01.17"]
[Round "6"]
[Board "2"]
[White "Novkovic, Milan"]
[Black "Meier, Alexander"]
[Result "*"]
[WhiteElo "2381"]
[BlackElo "2165"]
[PlyCount "90"]
[EventDate "2013.10.18"]
[EventType "team"]
[EventRounds "11"]
[EventCountry "AUT"]
[WhiteTeam "Hohenems II"]
[BlackTeam "Pradl"]

1.c4 e5 2.e3 d6 3.d4 c6 4.Nc3 Be7 5.g3 Nf6 6.Bg2 O-O 7.Nge2 Bf5 8.h3 Na6 9.O-O h6
10.e4 Bh7 11.Be3 exd4 12.Qxd4 Re8 13.Rad1 Bf8 14.g4 Nb4 15.Qd2 a5 16.Ng3 Qc7 17.Bf4
Na6 18.Bxd6 Bxd6 19.Qxd6 Qb6 20.Qd2 Nc5 21.Rfe1 Qb4 22.Qe2 a4 23.a3 Qb3 24.f4 Nfd7
25.Nf5 Bxf5 26.gxf5 Nb6 27.Bf1 Rad8 28.e5 Rxd1 29.Rxd1 Nc8 30.h4 Ne7 31.Bh3 Kh8 32.h5
Ng8 33.Kh1 f6 34.Bf1 Qb6 35.Re1 Qc7 36.Qe3 b6 37.Bg2 fxe5 38.fxe5 Qf7 39.Qh3 Qxc4
40.Bxc6 Nd3 41.Bxe8 Nf2+ 42.Kg2 Nxh3 43.Kxh3 Qf4 44.Re2 Qxf5+ 45.Kg3 Qg5+

[Event "2. Bundesliga West 2013/14"]
[Site "Salzburg"]
[Date "2014.01.17"]
[Round "6"]
[Board "3"]
[White "Lins, Philipp"]
[Black "Gaertner, Guntram"]
[Result "*"]
[WhiteElo "2067"]
[BlackElo "2280"]
[PlyCount "115"]
[EventDate "2013.10.18"]
[EventType "team"]
[EventRounds "11"]
[EventCountry "AUT"]
[WhiteTeam "Pradl"]
[BlackTeam "Hohenems II"]

1.Nf3 d5 2.g3 Nf6 3.Bg2 c5 4.c4 e6 5.O-O Nc6 6.cxd5 exd5 7.d4 Be7 8.Nc3 O-O 9.Bg5
h6 10.Bxf6 Bxf6 11.dxc5 Bxc3 12.bxc3 Be6 13.Nd4 Qa5 14.Qb3 Qxc5 15.Nxe6 fxe6 16.e4
Na5 17.Qb4 Rac8 18.exd5 exd5 19.Rad1 Rfd8 20.Rd3 Qxb4 21.cxb4 Nc6 22.Bxd5+ Kh8 23.a3
Ne5 24.Rdd1 b6 25.Be6 Rb8 26.Kg2 Nc6 27.Bd5 Ne7 28.Bf3 Nf5 29.Rxd8+ Rxd8 30.Rc1 Nd4
31.Be4 Kg8 32.a4 Rd7 33.Bg6 Kf8 34.Re1 Rd8 35.Re4 Nc6 36.Rf4+ Kg8 37.Re4 Kf8 38.Rf4+
Kg8 39.b5 Ne5 40.Bh5 Rd5 41.Be2 Rc5 42.h4 g5 43.hxg5 hxg5 44.Re4 Kf7 45.f4 gxf4 46.gxf4
Nd7 47.Rd4 Ke7 48.Kg3 Nf6 49.Bc4 Nh5+ 50.Kg4 Nf6+ 51.Kf3 Rh5 52.Bd3 Rh3+ 53.Ke2 Rh2+
54.Ke3 Rh3+ 55.Kd2 Rh4 56.Ke3 Rh3+ 57.Kf2 Rh2+ 58.Kf3

[Event "2. Bundesliga West 2013/14"]
[Site "Salzburg"]
[Date "2014.01.17"]
[Round "6"]
[Board "4"]
[White "Atlas, Dmitry"]
[Black "Monz, Dieter"]
[Result "*"]
[WhiteElo "2177"]
[BlackElo "2102"]
[PlyCount "87"]
[EventDate "2013.10.18"]
[EventType "team"]
[EventRounds "11"]
[EventCountry "AUT"]
[WhiteTeam "Hohenems II"]
[BlackTeam "Pradl"]

1.e4 Nc6 2.d4 d5 3.e5 Bf5 4.Nf3 e6 5.Be2 Nb4 6.Na3 c5 7.Be3 c4 8.O-O Be7 9.Ne1 Qd7
10.c3 Nc6 11.Nac2 f6 12.f4 Nh6 13.Bf3 Bxc2 14.Nxc2 f5 15.Bf2 g6 16.Qe1 Nf7 17.Bh4
O-O-O 18.Bxe7 Qxe7 19.b3 cxb3 20.axb3 Qc7 21.Qe3 Qb6 22.Rfb1 g5 23.fxg5 Rhg8 24.h4
h6 25.gxh6 f4 26.Qf2 Nxh6 27.c4 Ng4 28.c5 Qc7 29.Bxg4 Rxg4 30.Ne1 Rh8 31.Nf3 Rhg8
32.Rb2 Qh7 33.b4 Rxg2+ 34.Qxg2 Rxg2+ 35.Rxg2 Qe4 36.Rf2 Nxd4 37.Nxd4 Qxd4 38.Rxa7
Qxb4 39.Ra8+ Kc7 40.Rf8 Qe1+ 41.Kg2 Qxe5 42.R2xf4 d4 43.Rf2 Kc6 44.Rc8+

[Event "2. Bundesliga West 2013/14"]
[Site "Salzburg"]
[Date "2014.01.17"]
[Round "6"]
[Board "5"]
[White "Nedelchev, Nikolay"]
[Black "Sandholzer, Robert"]
[Result "0-1"]
[WhiteElo "2045"]
[BlackElo "2192"]
[PlyCount "58"]
[EventDate "2013.10.18"]
[EventType "team"]
[EventRounds "11"]
[EventCountry "AUT"]
[WhiteTeam "Pradl"]
[BlackTeam "Hohenems II"]

1.Nf3 Nf6 2.c4 e6 3.g3 d5 4.Bg2 dxc4 5.Qa4+ c6 6.Qxc4 b5 7.Qc2 Bb7 8.O-O Nbd7 9.d3
c5 10.a4 a6 11.Bg5 Be7 12.axb5 axb5 13.Nc3 Qb6 14.Rxa8+ Bxa8 15.e4 h6 16.Bf4 O-O 17.h3
Rc8 18.Be3 Qb8 19.b3 c4 20.bxc4 bxc4 21.Nd2 cxd3 22.Qxd3 Qb4 23.Nb5 Nc5 24.Bxc5 Qxc5
25.Ra1 Rd8 26.Qc4 Qxc4 27.Nxc4 Bxe4 28.Ne3 Bc5 29.Bxe4 Nxe4 0-1

[Event "2. Bundesliga West 2013/14"]
[Site "Salzburg"]
[Date "2014.01.17"]
[Round "6"]
[Board "6"]
[White "Kuntner, Reinhard"]
[Black "Niedermair, Hannes"]
[Result "0-1"]
[WhiteElo "1943"]
[BlackElo "1990"]
[PlyCount "84"]
[EventDate "2013.10.18"]
[EventType "team"]
[EventRounds "11"]
[EventCountry "AUT"]
[WhiteTeam "Hohenems II"]
[BlackTeam "Pradl"]

1.d4 f5 2.g3 Nf6 3.Bg2 e6 4.Nf3 Be7 5.O-O O-O 6.c4 d6 7.Nc3 a5 8.b3 Ne4 9.Qc2 Nxc3
10.Qxc3 Qe8 11.Rb1 Qh5 12.a3 Nd7 13.b4 axb4 14.axb4 Nf6 15.Qb3 Ne4 16.c5 Bf6 17.cxd6
cxd6 18.Bb2 Bd7 19.Rfc1 Rfc8 20.Rxc8+ Rxc8 21.Rc1 Qe8 22.Rxc8 Qxc8 23.Ne1 Bb5 24.f3
Nd2 25.Qd1 Nc4 26.Bc1 Qa8 27.e4 Qa1 28.e5 dxe5 29.dxe5 Qxe5 30.Nd3 Qd4+ 31.Nf2 Qxd1+
32.Nxd1 Bd4+ 33.Nf2 Ne5 34.Bf1 Nxf3+ 35.Kg2 Bc6 36.b5 Bd5 37.Be2 Nxh2+ 38.Kxh2 Bxf2
39.Bf4 h6 40.Bc7 g5 41.b6 Bd4 42.Bb5 Kf7 0-1

[Event "2. Bundesliga West 2013/14"]
[Site "Salzburg"]
[Date "2014.01.17"]
[Round "6"]
[Board "1"]
[White "Medvegy, Zoltan"]
[Black "Sergeev, Vladimir"]
[Result "0-1"]
[WhiteElo "2516"]
[BlackElo "2421"]
[PlyCount "118"]
[EventDate "2013.10.18"]
[EventType "team"]
[EventRounds "11"]
[EventCountry "AUT"]
[WhiteTeam "Ranshofen"]
[BlackTeam "Dornbirn"]

1.c4 c5 2.Nf3 g6 3.d4 cxd4 4.Nxd4 Bg7 5.e4 Nc6 6.Be3 Nf6 7.Nc3 d6 8.Be2 O-O 9.O-O
Nxd4 10.Bxd4 Bd7 11.Nd5 Nxe4 12.Bxg7 Kxg7 13.Qd4+ Nf6 14.Nxf6 exf6 15.Qxd6 Re8 16.Qd2
Bc6 17.Rfd1 Qe7 18.Bf1 Rad8 19.Qc2 h5 20.Rxd8 Rxd8 21.Rd1 Rxd1 22.Qxd1 a5 23.Qe2 Qc5
24.Qd2 h4 25.h3 Qe5 26.f3 Qf5 27.Bd3 Qc5+ 28.Qf2 Qg5 29.f4 Qh5 30.Qe2 Qc5+ 31.Qf2
Qd6 32.Qe3 a4 33.Kf2 Qb4 34.Qe2 Qc5+ 35.Kf1 Qd4 36.f5 g5 37.b4 b6 38.Qc2 a3 39.b5
Bb7 40.Qe2 Kf8 41.Bc2 Qa1+ 42.Bd1 Qb1 43.Kg1 Be4 44.Kh2 Bxf5 45.Qf3 Kg7 46.c5 bxc5
47.Bb3 Be4 48.Qe3 Qd3 49.Qxd3 Bxd3 50.b6 Be4 51.Bc4 Bb7 52.Be2 c4 53.Bxc4 Kf8 54.g3
Ke7 55.gxh4 gxh4 56.Kg1 Kd6 57.Kf2 Kc5 58.Bxf7 Kxb6 59.Ke3 Bc8 0-1

[Event "2. Bundesliga West 2013/14"]
[Site "Salzburg"]
[Date "2014.01.17"]
[Round "6"]
[Board "2"]
[White "Mittelberger, Peter"]
[Black "Konnyu, Janos"]
[Result "0-1"]
[WhiteElo "2264"]
[BlackElo "2314"]
[PlyCount "58"]
[EventDate "2013.10.18"]
[EventType "team"]
[EventRounds "11"]
[EventCountry "AUT"]
[WhiteTeam "Dornbirn"]
[BlackTeam "Ranshofen"]

1.c4 Nf6 2.Nc3 g6 3.g3 Bg7 4.Bg2 d6 5.e3 O-O 6.Nge2 c6 7.O-O e5 8.b4 Be6 9.d3 d5 10.cxd5
cxd5 11.b5 Nbd7 12.a4 Rc8 13.a5 d4 14.exd4 exd4 15.Ne4 Nxe4 16.Bxe4 Nc5 17.Ba3 Bb3
18.Qb1 Nxe4 19.Qxb3 Nd2 20.Qb2 Nf3+ 21.Kg2 Re8 22.Ng1 Ne5 23.Rfd1 Qd5+ 24.f3 Bh6 25.Qa2
Qxb5 26.Bd6 Nxd3 27.Rab1 Qf5 28.g4 Rc2+ 29.Qxc2 Nf4+ 0-1